Journal of the Institute of Rent Officers (Record no. 118619)

MARC details
000 -LEADER
fixed length control field 00674cas a22002175a 4500
001 - CONTROL NUMBER
control field L381
008 - FIXED-LENGTH DATA ELEMENTS--GENERAL INFORMATION
fixed length control field 070612c xxkqr p 0 a0eng
035 ## - SYSTEM CONTROL NUMBER
System control number (Sirsi) u99003
041 0# - LANGUAGE CODE
Language code of text/sound track or separate title eng
110 2# - MAIN ENTRY--CORPORATE NAME
Corporate name or jurisdiction name as entry element Institute of Rent Officers and Rental Valuers
9 (RLIN) 3500
240 ## - UNIFORM TITLE
Uniform title Journal of the Institute of Rent Officers and Rental Valuers
245 00 - TITLE STATEMENT
Title Journal of the Institute of Rent Officers
260 ## - PUBLICATION, DISTRIBUTION, ETC.
Place of publication, distribution, etc. Chelmsford
Name of publisher, distributor, etc. Institute of Rent Officers
Date of publication, distribution, etc. [19?]-
362 0# - DATES OF PUBLICATION AND/OR SEQUENTIAL DESIGNATION
Dates of publication and/or sequential designation 24(1) April 1993-29(6) February 1999
554 ## -
-- Four per year
651 #4 - SUBJECT ADDED ENTRY--GEOGRAPHIC NAME
Geographic name England and Wales
Chronological subdivision 1543-
690 ## - LOCAL SUBJECT ADDED ENTRY--TOPICAL TERM (OCLC, RLIN)
Topical term or geographic name as entry element PROPERTY-LEASEHOLD PROPERTY
787 ## - OTHER RELATIONSHIP ENTRY
Main entry heading JIRO
942 ## - ADDED ENTRY ELEMENTS (KOHA)
Suppress in OPAC 0
948 ## - LOCAL PROCESSING INFORMATION (OCLC); SERIES PART DESIGNATOR (RLIN)
c (OCLC) 06/07/1995
Holdings
Withdrawn status Lost status Source of classification or shelving scheme Damaged status Not for loan Home library Current library Shelving location Date acquired Total Checkouts Full call number Barcode Date last seen Price effective from Koha item type
    Other/Generic Classification Scheme     London London Basement 12/06/2007   JOURNAL OF THE INSTITUTE OF RENT OFFICER 99003-1001 06/08/2019 06/08/2019 Journal